00450nam a2200121Ia 4500008004100000100002000041245007800061245008200139260000900221300003000230440004500260650002300305171207s9999 xx 000 0 und d aMahmood, Sajjad aKey factors that influence task allocation in global software development cSajjad Mahmood, Sajid Anwer, Mahmood Niazi, Mohammad Alshayeb, Ita Richardson c2017 apages 102-122, April 2017 aInformation and Software Technologyv91: aSOFTWARE TECHNLOGY